Normal view
MARC view
Entry Topical Term
001 - CONTROL NUMBER
- control field: 332
003 - CONTROL NUMBER IDENTIFIER
- control field: PK-LaUMT
005 - DATE AND TIME OF LATEST TRANSACTION
- control field: 20240715102244.0
008 - FIXED-LENGTH DATA ELEMENTS
- fixed length control field: 240715|| aca||aabn | a|a d
040 ## - CATALOGING SOURCE
- Original cataloging agency: PK-LaUMT
- Transcribing agency: PK-LaUMT
150 ## - HEADING--TOPICAL TERM
- Topical term or geographic name as entry element: Educational psychology
670 ## - SOURCE DATA FOUND
- Source citation: Work cat.: (PK-LaUMT)134496: Ayesha Nasir 308, Investigating the role of student's academic engagement in fostering their academic resilience in higher education [M.Phil Educational Leadership and Management] /, 2024
